| 000 | 00394pam a2200145 a 4500 | ||
|---|---|---|---|
| 020 | _a0075578123 | ||
| 040 | _cDLC | ||
| 082 | 0 | 0 | _a303 MIT 1991 |
| 100 | 1 | _aArnold, David O., | |
| 245 | 1 | 0 | _aComputers and society--impact! / |
| 260 |
_aNew York : _bMitchell McGraw-Hill, _cc1991. |
||
| 300 |
_axxvi, 468 p. : _bill. (some col.) ; _c26 cm. |
||
| 650 | 0 | _aComputers and civilization. | |
| 942 | _cEK | ||
| 999 |
_c11321 _d11321 |
||